Science Quiz

Random Science or Animal Quiz

Animal Disease Ex2- Reportable Diseases Quiz Stats

 Plays Quiz not verified by Sporcle

Support Sporcle.
Go Orange.
Score 0/31 Timer 15:00
0 Plays Today
question answer % Correct
almost half of cat bite wounds become ______infected
87.5%
are bacteria eukaryotic or prokaryotic?prokaryotic
75%
gram positive bacteria are what color?blue
75%
crushing, tearing bite wounds are from ____dogs
75%
puncture bite wounds are from ____cats
75%
Pasteurella _____ is the most common species of pasteurella (multocida, septica, or gallicida)multocida
75%
Pasteurella is a gram ___negative
75%
pasteurella is ____ shapedrod
75%
is pasteurella opportunistic?yes
75%
pasteurellosis treatment in animals includes ______ and removing stressantibiotics
75%
staphylococcal bacteria are _____ shapedcocci
75%
is greasy pig disease zoonotic?no
75%
streptococcal infections are gram ____positive
75%
strangles is caused by _________streptococcus equi
75%
Who are diseases reported to?USDA
62.5%
most animal bite wounds are from what species?dogs
62.5%
question answer % Correct
__% of the US population will incur a bite wound50
62.5%
is pasteurella aerobic or anaerobic, and facultative or obligate?facultative anaerobe
62.5%
bacteria reproduce by _______.binary fission
50%
tough, dormant, non-reproductive stage bacteria form when nutrients are scarceendospore
50%
rhinitis, bronchopneumonia, abscesses, atrophic rhinitis in swine, and abortion (in sheep/goats) are clinical signs of what disease?pasteurellosis
50%
pasteurellosis treatment in humans includes antibiotics and ___________wound debridement
50%
the distribution of staphylococcal infections is _____worldwide
50%
are staphylococcal infections aerobic or anaerobic, and facultative or obligate?facultative anaerobic
50%
Staphylococcus hyicus causes what disease in pigs?greasy pig disease
50%
streptococcal infections are ____ shaped and form _____cocci, chains
50%
are streptococcal infections aerobic or anaerobic, and facultative or obligate?facultative anaerobe
50%
What is one reason some diseases are reported? human health implications
37.5%
staphylococcal infections are gram ______ and produce _____positive, toxins
37.5%
how do humans typically get infected with staphylococcal infections?direct contact
37.5%
prevention and control of streptococcal infections in animals involves ____ and reducing _____good hygiene, stress
37.5%

You're not logged in!

Compare scores with friends on all Sporcle quizzes.
OR
Log In

From the Vault

Sports by Equipment Picture Click

by LisaSimpsonOH

But really, you COULD use baseball equipment to play hockey if you tried hard enough.
Remove Ads.
Support Sporcle.
Get the best of Sporcle when you Go Orange. This ad-free experience offers more features, more stats, and more fun while also helping to support Sporcle. Thank you for becoming a member.

Show Comments

Extras

Created Mar 6, 2011ReportNominate
Tags:Animal Quiz, disease

Top Quizzes Today


Score Distribution

Your Account Isn't Verified!

In order to create a playlist on Sporcle, you need to verify the email address you used during registration. Go to your Sporcle Settings to finish the process.

Report this User

Report this user for behavior that violates our Community Guidelines.

Details: